00245nam a22001097a 4500003000400000020001800004082001600022100002200038245004500060260002200105300000800127SGT a9788119613496 a615.1bOJA  aOJHA DR ABHIJEET  aA THEORETICAL BOOK ON QUALITY ASSURENCE  aINDIA bIP c2026 a135